[Event "SRB-chT 1st League CS"]
[Site "Banja Vrujci"]
[Date "2022.10.01"]
[Round "1.2"]
[White "Malesevic, Vitomir"]
[Black "Rabrenovic, Vladan"]
[Result "1/2-1/2"]
[WhiteElo "2042"]
[BlackElo "2257"]
[PlyCount "105"]
[EventDate "2022.10.01"]
[EventType "team-tourn"]
[EventRounds "11"]
[EventCountry "SRB"]
[SourceTitle "CBM 210 Extra"]
[Source "ChessBase"]
[SourceDate "2022.11.30"]
[SourceVersion "1"]
[SourceVersionDate "2022.11.30"]
[SourceQuality "1"]
[WhiteTeam "Loznica Klupci 75"]
[BlackTeam "Gornji Milanovac Metalac"]
[WhiteTeamCountry "SRB"]
[BlackTeamCountry "SRB"]

1. d4 d6 2. Nf3 Nf6 3. g3 g6 4. Bg2 Bg7 5. 0-0 0-0 6. b3 a5 7. a3 c6 8. Bb2 Na6 9. Nbd2 Bf5 10. Nh4 Bd7 11. e4 Qc8 12. f4 Bh3 13. f5 Bxg2 14. Nxg2 c5 15. d5 b5 16. Qe2 c4 17. Bd4 c3 18. Nf3 Nc5 19. fxg6 hxg6 20. Ng5 Qg4 21. Qxg4 Nxg4 22. Bxg7 Kxg7 23. b4 axb4 24. axb4 Rxa1 25. Rxa1 Na4 26. Nf3 Rc8 27. h3 Nf6 28. e5 dxe5 29. Ne3 Nd7 30. Ng5 Ndb6 31. Rd1 f6 32. Ne4 Nc4 33. Kf2 Nxe3 34. Kxe3 f5 35. Ng5 Nb6 36. Kf3 Nc4 37. Ra1 Kf6 38. Nh7+ Kf7 39. Ng5+ Ke8 40. Ra7 Nd6 41. Ne6 Rc4 42. Ra8+ Nc8 43. Nc5 Kd8 44. Ne6+ Kd7 45. Nf8+ Kd6 46. Nxg6 Kc7 47. Nxe5 Rxb4 48. Ra3 Kd6 49. Nf7+ Kxd5 50. Rxc3 Nb6 51. Rd3+ Ke6 52. Nd8+ Kf6 53. Re3 1/2-1/2

[Event "SRB-chT 2nd League West"]
[Site "Kragujevac"]
[Date "2019.10.05"]
[Round "9.4"]
[White "Malesevic, Vitomir"]
[Black "Smailovic, Ramiz"]
[Result "0-1"]
[WhiteElo "2165"]
[BlackElo "2124"]
[PlyCount "41"]
[EventDate "2019.09.06"]
[EventType "team-tourn"]
[EventRounds "11"]
[EventCountry "SRB"]
[SourceTitle "EXT 2020"]
[Source "ChessBase"]
[SourceDate "2019.10.17"]
[SourceVersion "1"]
[SourceVersionDate "2019.10.17"]
[SourceQuality "1"]
[WhiteTeam "Loznica"]
[BlackTeam "Tutin"]
[WhiteTeamCountry "SRB"]
[BlackTeamCountry "SRB"]

1. d4 d5 2. Nf3 Nf6 3. Bf4 e6 4. e3 c6 5. c3 Bd6 6. Ne5 0-0 7. Nd2 c5 8. Ndf3 b6 9. Bd3 Ne4 10. Bxe4 dxe4 11. Nd2 f6 12. Nec4 Bxf4 13. exf4 cxd4 14. Nxe4 Bb7 15. Ncd6 Bd5 16. c4 f5 17. cxd5 fxe4 18. Nxe4 Rxf4 19. Qxd4 exd5 20. f3 Nc6 21. Qd2 0-1

[Event "SRB-chT 2nd League West"]
[Site "Kragujevac"]
[Date "2019.10.04"]
[Round "7.4"]
[White "Malesevic, Vitomir"]
[Black "Suhartovic, Branislav"]
[Result "1-0"]
[WhiteElo "2165"]
[BlackElo "2167"]
[PlyCount "107"]
[EventDate "2019.09.06"]
[EventType "team-tourn"]
[EventRounds "11"]
[EventCountry "SRB"]
[SourceTitle "EXT 2020"]
[Source "ChessBase"]
[SourceDate "2019.10.17"]
[SourceVersion "1"]
[SourceVersionDate "2019.10.17"]
[SourceQuality "1"]
[WhiteTeam "Loznica"]
[BlackTeam "Aleksandrovac"]
[WhiteTeamCountry "SRB"]
[BlackTeamCountry "SRB"]

1. d4 Nf6 2. Nf3 d5 3. Bf4 Bf5 4. e3 e6 5. Bd3 Bxd3 6. Qxd3 c6 7. h3 Be7 8. Nbd2 Nbd7 9. 0-0 0-0 10. c4 c5 11. b3 cxd4 12. exd4 dxc4 13. bxc4 Qa5 14. Rfe1 Rfe8 15. Rab1 b6 16. Nf1 Rad8 17. Qc2 Rc8 18. Qb3 Qa3 19. Ne3 Red8 20. Red1 Ne4 21. Qc2 Ndf6 22. Rd3 Qa6 23. Qb3 Nd6 24. Ne5 Nd7 25. Nf3 Nxc4 26. Rc3 Nxe3 27. fxe3 Rxc3 28. Qxc3 Rc8 29. Qd2 Qc4 30. e4 f6 31. Qe1 Qa4 32. Rb2 Rc2 33. Qb1 Rxb2 34. Qxb2 Qc4 35. Kf2 e5 36. dxe5 Qxe4 37. Qb3+ Kf8 38. exf6 Bc5+ 39. Be3 Qxe3+ 40. Qxe3 Bxe3+ 41. Kxe3 Nxf6 42. Kd4 Ke7 43. Ke5 Ne8 44. Nd4 Kd7 45. Ne6 a6 46. Nf8+ Kc6 47. Nxh7 Kc5 48. Ng5 b5 49. h4 b4 50. h5 Kc4 51. Ne6 a5 52. Nxg7 b3 53. axb3+ Kxb3 54. h6 1-0

[Event "SRB-chT 2nd League West"]
[Site "Kragujevac"]
[Date "2019.10.03"]
[Round "6.4"]
[White "Malesevic, Vitomir"]
[Black "Djokic, Mihailo"]
[Result "0-1"]
[WhiteElo "2165"]
[BlackElo "2233"]
[PlyCount "96"]
[EventDate "2019.09.06"]
[EventType "team-tourn"]
[EventRounds "11"]
[EventCountry "SRB"]
[SourceTitle "EXT 2020"]
[Source "ChessBase"]
[SourceDate "2019.10.17"]
[SourceVersion "1"]
[SourceVersionDate "2019.10.17"]
[SourceQuality "1"]
[WhiteTeam "Loznica"]
[BlackTeam "Ivanjica"]
[WhiteTeamCountry "SRB"]
[BlackTeamCountry "SRB"]

1. d4 Nf6 2. Nf3 g6 3. Bg5 Bg7 4. e3 0-0 5. c4 d6 6. Nc3 b6 7. Be2 Bb7 8. 0-0 Nbd7 9. b4 h6 10. Bh4 g5 11. Bg3 Nh5 12. Qb3 Nxg3 13. hxg3 e5 14. Rfd1 a5 15. b5 exd4 16. exd4 Re8 17. Rd2 g4 18. Nh4 Qg5 19. Qc2 h5 20. Nf5 Be4 21. Bd3 Bxf5 22. Bxf5 Nf6 23. Rad1 Re7 24. Re2 Rxe2 25. Nxe2 Re8 26. Nc3 h4 27. gxh4 Qxh4 28. Qd3 Bh6 29. Be4 g3 30. fxg3 Qh5 31. Qf3 Ng4 32. Nd5 Qh2+ 33. Kf1 Qh1+ 34. Ke2 Rxe4+ 35. Kd3 Qxd1+ 36. Qxd1 Nf2+ 37. Kc2 Nxd1 38. Nf6+ Kg7 39. Nxe4 f5 40. Nxd6 Ne3+ 41. Kd3 cxd6 42. c5 dxc5 43. dxc5 bxc5 44. b6 Ng4 45. Kc4 Ne5+ 46. Kd5 Nd7 47. b7 Kf7 48. Kc6 Ke6 0-1

[Event "SRB-chT3 North"]
[Site "Serbia"]
[Date "2006.??.??"]
[Round "3"]
[White "Jakovljevic, Zoran"]
[Black "Malesevic, Vitomir"]
[Result "1-0"]
[WhiteElo "2078"]
[BlackElo "2223"]
[PlyCount "61"]
[EventDate "2006.09.10"]
[EventType "team"]
[EventRounds "11"]
[EventCountry "SRB"]
[SourceTitle "EXT 2012"]
[Source "ChessBase"]
[SourceDate "2011.11.24"]
[SourceVersion "1"]
[SourceVersionDate "2011.11.24"]
[SourceQuality "1"]

1. g3 Nf6 2. Bg2 c6 3. d3 g6 4. Nc3 Bg7 5. h3 0-0 6. e4 d6 7. Nge2 e5 8. 0-0 Be6 9. f4 Qd7 10. g4 exf4 11. Bxf4 h5 12. g5 Ne8 13. Kh2 Na6 14. Qe1 Nb4 15. Qd2 c5 16. Rf2 Nc6 17. Raf1 Be5 18. Nd5 Bxd5 19. exd5 Nd4 20. Bxe5 dxe5 21. Ng3 Nd6 22. Rf6 N6f5 23. Nxf5 Nxf5 24. R6xf5 gxf5 25. Qe2 Kg7 26. d6 e4 27. dxe4 Rae8 28. e5 Re6 29. Bd5 Qe8 30. Bxe6 fxe6 31. Qc4 1-0

[Event "Lugano op"]
[Site "Lugano"]
[Date "1999.03.11"]
[Round "2"]
[White "Horvath, Peter"]
[Black "Malesevic, Vitomir"]
[Result "1-0"]
[WhiteElo "2415"]
[BlackElo "2263"]
[PlyCount "126"]
[EventDate "1999.03.??"]
[EventType "swiss"]
[EventRounds "7"]
[EventCountry "SUI"]
[SourceTitle "EXT 2000"]
[Source "ChessBase"]
[SourceDate "1999.11.16"]
[SourceVersion "1"]
[SourceVersionDate "1999.11.16"]
[SourceQuality "1"]

1. d4 Nf6 2. Nf3 g6 3. g3 Bg7 4. Bg2 d6 5. 0-0 0-0 6. c4 c6 7. Nc3 Nbd7 8. h3 Qc7 9. e4 e5 10. Be3 Re8 11. Qd2 exd4 12. Nxd4 Nc5 13. Qc2 a5 14. Rfe1 Bd7 15. f4 Rad8 16. Bf2 Nh5 17. Rad1 Ne6 18. Nde2 Bh6 19. Na4 c5 20. Nec3 Bc6 21. Nd5 Bxd5 22. cxd5 Nf8 23. Nc3 Bg7 24. Nb5 Qd7 25. a4 f5 26. b3 fxe4 27. Rxe4 Rxe4 28. Qxe4 Re8 29. Qf3 Nf6 30. Re1 Rxe1+ 31. Bxe1 Qe7 32. Bxa5 Ne8 33. Kf1 Nd7 34. Qe2 Kf7 35. Qxe7+ Kxe7 36. Ke2 Bb2 37. Kd3 Bc1 38. Bc3 Ndf6 39. Bf3 h5 40. Bd2 Bxd2 41. Kxd2 Nd7 42. Kd3 Kf6 43. a5 Nb8 44. Nc3 Na6 45. Ne4+ Ke7 46. Ng5 Nb4+ 47. Kc4 Nc2 48. Be4 Na3+ 49. Kd3 Nf6 50. Bxg6 h4 51. gxh4 Nxd5 52. f5 Kf6 53. Ke4 Ne7 54. Nh7+ Kg7 55. h5 Ng8 56. Kf4 Nb5 57. Kg5 Nd4 58. f6+ Nxf6 59. h6+ Kh8 60. Kxf6 Nf3 61. Ng5 Ne5 62. Nf7+ Nxf7 63. Bxf7 Kh7 1-0

[Event "Cesenatico op 4th"]
[Site "Cesenatico"]
[Date "1999.??.??"]
[Round "3"]
[White "Albert, Marion"]
[Black "Malesevic, Vitomir"]
[Result "0-1"]
[WhiteElo "2103"]
[BlackElo "2263"]
[PlyCount "82"]
[EventDate "1999.??.??"]
[EventType "swiss"]
[EventRounds "9"]
[EventCountry "ITA"]
[SourceTitle "EXT 2000"]
[Source "ChessBase"]
[SourceDate "1999.11.16"]
[SourceVersion "1"]
[SourceVersionDate "1999.11.16"]
[SourceQuality "1"]

1. e4 d5 2. exd5 Qxd5 3. Nc3 Qa5 4. b4 Qxb4 5. Rb1 Qd6 6. Bc4 c6 7. Nf3 Nd7 8. Ne4 Qc7 9. d4 Nb6 10. Bd3 Bg4 11. 0-0 Nf6 12. Re1 e6 13. Bg5 Nxe4 14. Bxe4 Bd6 15. h3 Bh5 16. d5 cxd5 17. Bxd5 0-0 18. Bxb7 Qxb7 19. Qxd6 Bxf3 20. gxf3 Qxf3 21. Rb3 Qf5 22. Rg3 Kh8 23. Be7 Rfe8 24. Rg5 Qxh3 25. Re3 Qh6 26. Reg3 Nc8 27. Qd4 Nxe7 28. Rxg7 f6 29. Rxh7+ Kxh7 30. Qd3+ Nf5 31. Rh3 Rg8+ 32. Kf1 Rad8 33. Rxh6+ Kxh6 34. Qa6 Rd6 35. Qxa7 Rd1+ 36. Ke2 Rgd8 37. Qf7 Kg5 38. Kf3 Nh4+ 39. Kg3 Rg1+ 40. Kh3 Ng6 41. Kh2 Rg4 0-1

[Event "SUI-chT"]
[Site "Switzerland"]
[Date "1996.??.??"]
[Round "4"]
[White "Gierth, Hans Joachim"]
[Black "Malesevic, Vitomir"]
[Result "1/2-1/2"]
[WhiteElo "2300"]
[BlackElo "2270"]
[PlyCount "123"]
[EventDate "1996.??.??"]
[EventType "team-tourn"]
[EventRounds "9"]
[EventCountry "SUI"]
[SourceTitle "CBM 055 Extra"]
[Source "ChessBase"]
[SourceDate "1997.01.01"]
[SourceVersion "1"]
[SourceVersionDate "1997.01.01"]
[SourceQuality "1"]

1. d4 d5 2. Nf3 e6 3. Bf4 Bd6 4. e3 Bxf4 5. exf4 c5 6. c3 Qb6 7. Qb3 Qxb3 8. axb3 cxd4 9. Nxd4 Bd7 10. Na3 Nc6 11. Nxc6 bxc6 12. b4 Rb8 13. Nc2 Rb7 14. Ra5 Nf6 15. Bd3 Ke7 16. Nd4 Ra8 17. Kd2 Be8 18. Rha1 Kd6 19. Nb3 Nd7 20. Ra6 Kc7 21. Kc2 f6 22. Nd4 Nf8 23. Re1 Bd7 24. Nb3 Rb6 25. Ra5 Be8 26. Nc5 Bf7 27. Rea1 Kb8 28. Ba6 Kc7 29. Bd3 Kb8 30. Re1 Kc7 31. g3 h6 32. Bf1 Bg8 33. Bh3 Rb5 34. Ra6 Rb6 35. Ra5 Rb5 36. Ra3 g6 37. Kd2 Nd7 38. Nxd7 Kxd7 39. Rea1 Rb7 40. Kd3 Bh7 41. Kd2 g5 42. fxg5 hxg5 43. Ra6 Be4 44. Bf1 f5 45. Be2 f4 46. gxf4 gxf4 47. Rg1 Kd6 48. b5 Rb6 49. Rg7 cxb5 50. Raxa7 Rxa7 51. Rxa7 b4 52. Ra6 Rxa6 53. Bxa6 bxc3+ 54. bxc3 e5 55. Bc8 Ke7 56. Bb7 Kd6 57. c4 Kc5 58. cxd5 Bxd5 59. Bxd5 Kxd5 60. f3 e4 61. fxe4+ Kxe4 62. Ke2 1/2-1/2